书目信息 |
| 题名: |
成功的背后
|
|
| 作者: | 黄珪彬 著 ;陈雪宏 译 | |
| 分册: | ||
| 出版信息: | 民族出版 / / |
|
| 页数: | 184页 | |
| 开本: | 20cm | |
| 丛书名: | ||
| 单 册: | ||
| 中图分类: | K837.12 | |
| 科图分类: | ||
| 主题词: | 历史 , 地理 | |
| 电子资源: | ||
| ISBN: | 978-7-105-08219-3 | |
| 000 | 00678nam0 2200253 45 | |
| 001 | 0957426043 | |
| 005 | 20091026155826.36 | |
| 010 | @a978-7-105-08219-3@dCNY24.80 | |
| 100 | @a20090515d / ekmy0 y0120 ea | |
| 102 | @aCN@b130000 | |
| 102 | @aCN@b110000 | |
| 105 | @ay z 000yy | |
| 200 | 1 | @a成功的背后@f黄珪彬著;陈雪宏译@Fhuang gui bin zhu;chen xue hong yi |
| 210 | @c民族出版@d/ / | |
| 210 | @a北京@c民族出版社 | |
| 215 | @a184页@d20cm | |
| 606 | 0 | @a历史 |
| 606 | 0 | @a地理 |
| 690 | @aK837.12@v4 | |
| 701 | 0 | @a黄珪彬@Ahuang gui bin@4著 |
| 702 | 0 | @a陈雪宏@Achen xue hong@4译 |
| 801 | 0 | @aCN@c20091026 |
| 905 | @a10447@dK837.12@eH830 | |
| 906 | @d25@n3@r1 | |
| 成功的背后/黄珪彬著;陈雪宏译.-民族出版,/ /.-北京:民族出版社 |
| 184页;20cm |
| ISBN 978-7-105-08219-3:CNY24.80 |
| ● |
| 相关链接 |
|
|
|
正题名:成功的背后
索取号:K837.12/H830
 
预约/预借
| 序号 | 登录号 | 条形码 | 馆藏地/架位号 | 状态 | 备注 |
| 1 | 655110 | 206551104 | 社科库309/309社科库 2排4列2层/ [索取号:K837.12/H830] | 在馆 | |
| 2 | 655111 | 206551113 | 社科库309/309社科库 2排4列2层/ [索取号:K837.12/H830] | 在馆 | |
| 3 | 655112 | 206551122 | 社科库309/309社科库 2排4列2层/ [索取号:K837.12/H830] | 在馆 |